[Event "Copenhagen BSF IM"]
[Site "Copenhagen"]
[Date "2012.10.15"]
[Round "7"]
[White "Cederstam Barsk, Carl"]
[Black "Gergacz, Attila"]
[Result "0-1"]
[WhiteElo "2216"]
[BlackElo "2393"]
[PlyCount "78"]
[EventDate "2012.10.12"]
[EventType "tourn"]
[EventRounds "9"]
[EventCountry "DEN"]
[EventCategory "2"]
[SourceTitle "EXT 2013"]
[Source "ChessBase"]
[SourceDate "2012.11.22"]

1. d4 Nf6 2. c4 g6 3. Nc3 Bg7 4. e4 d6 5. Nf3 O-O 6. Be2 e5 7. O-O Nbd7 8. Be3
a5 9. d5 Nc5 10. Nd2 Nfd7 11. f3 f5 12. b3 f4 13. Bf2 Nf6 14. g4 fxg3 15. hxg3
Nh5 16. Re1 Qg5 17. Nf1 Bh3 18. Kh2 Nf4 19. Nd2 Ncd3 20. Bxd3 Nxd3 21. Be3 Qh5
22. Rh1 Bh6 23. Bxh6 Qxh6 24. Kg1 Qe3+ 25. Kh2 Qf2+ 26. Kxh3 Nf4+ 27. Kh4 g5+
28. Kg4 h5+ 29. Rxh5 Nxh5 30. Kxh5 Qxg3 31. Kg6 Qf4 32. Qh1 Rf6+ 33. Kh5 Kg7
34. Qh4 gxh4 35. Rg1+ Kf7 36. Rg7+ Kxg7 37. c5 h3 38. c6 h2 39. cxb7 Rh6# 0-1

[Event "Copenhagen BSF IM"]
[Site "Copenhagen"]
[Date "2012.10.16"]
[Round "9"]
[White "Cederstam Barsk, Carl"]
[Black "Kenneskog, Theodor"]
[Result "1-0"]
[WhiteElo "2216"]
[BlackElo "2203"]
[PlyCount "105"]
[EventDate "2012.10.12"]
[EventType "tourn"]
[EventRounds "9"]
[EventCountry "DEN"]
[EventCategory "2"]
[SourceTitle "EXT 2013"]
[Source "ChessBase"]
[SourceDate "2012.11.22"]

1. d4 Nf6 2. c4 g6 3. Nc3 d5 4. Nf3 Bg7 5. Bf4 O-O 6. Rc1 dxc4 7. e3 Be6 8. Ng5
Bd5 9. e4 h6 10. exd5 hxg5 11. Bxg5 Nxd5 12. Bxc4 Nb6 13. Bb3 Nc6 14. d5 Nb4
15. O-O Bxc3 16. Rxc3 N6xd5 17. Rg3 c6 18. h4 Qd6 19. a3 Na6 20. h5 Kg7 21.
hxg6 fxg6 22. Bc2 Nf6 23. Bh6+ Kg8 24. Rxg6+ Kf7 25. Rg7+ Ke8 26. Qxd6 exd6 27.
Re1+ Kd8 28. Rg6 Re8 29. Rxe8+ Nxe8 30. Bg5+ Kc7 31. f4 Nc5 32. f5 d5 33. f6
Nd6 34. Rg7+ Nd7 35. Bf4 Rf8 36. Bf5 Rxf6 37. Rxd7+ Kb6 38. Rxd6 Rxf5 39. g3
Rf7 40. Kf2 Kc5 41. Rd8 Kc4 42. Re8 Kb3 43. Re2 c5 44. Kf3 d4 45. g4 c4 46. g5
d3 47. Rg2 b5 48. g6 Rg7 49. Be5 Rg8 50. g7 a5 51. Ke3 b4 52. axb4 axb4 53. Kd2
1-0

[Event "Copenhagen BSF IM"]
[Site "Copenhagen"]
[Date "2012.10.14"]
[Round "4"]
[White "Cederstam Barsk, Carl"]
[Black "Larsen, Karsten"]
[Result "0-1"]
[WhiteElo "2216"]
[BlackElo "2297"]
[PlyCount "68"]
[EventDate "2012.10.12"]
[EventType "tourn"]
[EventRounds "9"]
[EventCountry "DEN"]
[EventCategory "2"]
[SourceTitle "EXT 2013"]
[Source "ChessBase"]
[SourceDate "2012.11.22"]

1. c4 e5 2. g3 f5 3. Bg2 Nf6 4. Nc3 Nc6 5. Nf3 g6 6. O-O Bg7 7. d3 O-O 8. Rb1
d6 9. b4 h6 10. Ne1 g5 11. f4 gxf4 12. gxf4 Kh8 13. Nf3 Qe8 14. Nd5 Nxd5 15.
cxd5 Ne7 16. fxe5 dxe5 17. Nd2 Ng6 18. Nc4 Nh4 19. Rf2 Nxg2 20. Rxg2 f4 21. Bb2
Bh3 22. Rf2 Rf5 23. e3 Qg6+ 24. Kh1 fxe3 25. Re2 Qh5 26. Rxe3 Bg4 27. Qg1 Bf3+
28. Rxf3 Qxf3+ 29. Qg2 Qxd3 30. Rg1 Rg5 31. Nxe5 Rxg2 32. Nxd3 Rxg1+ 33. Kxg1
Bxb2 34. Nxb2 Rd8 0-1

[Event "Copenhagen BSF IM"]
[Site "Copenhagen"]
[Date "2012.10.13"]
[Round "2"]
[White "Cederstam Barsk, Carl"]
[Black "Skousen, Nikolai"]
[Result "1/2-1/2"]
[WhiteElo "2216"]
[BlackElo "2198"]
[PlyCount "107"]
[EventDate "2012.10.12"]
[EventType "tourn"]
[EventRounds "9"]
[EventCountry "DEN"]
[EventCategory "2"]
[SourceTitle "EXT 2013"]
[Source "ChessBase"]
[SourceDate "2012.11.22"]

1. d4 d6 2. Nf3 Bg4 3. g3 Bxf3 4. exf3 e6 5. Bg2 Nf6 6. O-O Be7 7. c4 c6 8. Nc3
d5 9. Qb3 Qc8 10. Bg5 dxc4 11. Qxc4 Nbd7 12. Rac1 O-O 13. f4 Nb6 14. Qe2 h6 15.
Bh4 Nfd5 16. Bxd5 Nxd5 17. Nxd5 Bxh4 18. Ne3 Bf6 19. d5 exd5 20. Nxd5 Qd8 21.
Nxf6+ Qxf6 22. Qe5 Qxe5 23. fxe5 Rfe8 24. f4 Rad8 25. Rcd1 Kf8 26. Kf2 Ke7 27.
f5 Kf8 28. Rxd8 Rxd8 29. Re1 Ke7 30. Re2 Rd5 31. g4 g6 32. Kf3 gxf5 33. gxf5 f6
34. Kf4 Rd4+ 35. Re4 fxe5+ 36. Kxe5 Rd2 37. Rh4 Re2+ 38. Kf4 Rf2+ 39. Ke5 Re2+
40. Kf4 Rxb2 41. Rxh6 a5 42. Ke5 Re2+ 43. Kd4 Rxa2 44. Rh7+ Kf6 45. Rxb7 Kxf5
46. Rb6 Rxh2 47. Rxc6 a4 48. Ra6 Rh4+ 49. Kc3 Ke5 50. Ra5+ Kd6 51. Kb2 Kc6 52.
Ka3 Kb6 53. Rxa4 Rxa4+ 54. Kxa4 1/2-1/2

[Event "Copenhagen BSF IM"]
[Site "Copenhagen"]
[Date "2012.10.13"]
[Round "3"]
[White "Fries Nielsen, Niels Jorgen"]
[Black "Cederstam Barsk, Carl"]
[Result "1/2-1/2"]
[WhiteElo "2313"]
[BlackElo "2216"]
[PlyCount "134"]
[EventDate "2012.10.12"]
[EventType "tourn"]
[EventRounds "9"]
[EventCountry "DEN"]
[EventCategory "2"]
[SourceTitle "EXT 2013"]
[Source "ChessBase"]
[SourceDate "2012.11.22"]

1. d3 d5 2. Nf3 Bg4 3. Ne5 Bf5 4. g4 Be6 5. f4 Nd7 6. f5 Nxe5 7. fxe6 fxe6 8.
g5 Qd6 9. c3 Nc6 10. Qa4 h6 11. Qh4 O-O-O 12. Nd2 g6 13. Nf3 Bg7 14. Bd2 hxg5
15. Qa4 g4 16. Qxg4 Ne5 17. Nxe5 Qxe5 18. Bh3 Qf5 19. e4 dxe4 20. dxe4 Qxg4 21.
Bxg4 Nf6 22. Bxe6+ Kb8 23. O-O-O Nxe4 24. Be3 Nd6 25. Kb1 Bf6 26. Bf4 g5 27.
Bxd6 exd6 28. h3 Rde8 29. Bg4 Be5 30. Rhe1 Rhf8 31. Rd2 c6 32. Rde2 Kc7 33. Re4
Rf6 34. R1e2 Ref8 35. Kc2 a5 36. a4 Rb8 37. R4e3 Rbf8 38. Kb3 Rf4 39. Re4 Kb6
40. R2e3 Kc5 41. Re2 Rf1 42. Re1 Rxe1 43. Rxe1 Rf4 44. Re2 b6 45. Re3 b5 46.
axb5 cxb5 47. Rf3 b4 48. Kc2 bxc3 49. bxc3 Kc4 50. Rxf4+ gxf4 51. Be2+ Kd5 52.
Bf3+ Ke6 53. Bg4+ Kf6 54. h4 d5 55. Bf3 Kf5 56. h5 Kg5 57. Kb3 d4 58. cxd4 Bxd4
59. Kc4 Bf6 60. Kb5 Bd8 61. Bd1 Kh4 62. h6 Kg3 63. h7 Bf6 64. Kxa5 f3 65. Bxf3
Kxf3 66. h8=B Bc3+ 67. Kb5 Bg7 1/2-1/2

[Event "Copenhagen BSF IM"]
[Site "Copenhagen"]
[Date "2012.10.12"]
[Round "1"]
[White "Fries Nielsen, Niels Jorgen"]
[Black "Larsen, Karsten"]
[Result "1/2-1/2"]
[WhiteElo "2313"]
[BlackElo "2297"]
[PlyCount "32"]
[EventDate "2012.10.12"]
[EventType "tourn"]
[EventRounds "9"]
[EventCountry "DEN"]
[EventCategory "2"]
[SourceTitle "EXT 2013"]
[Source "ChessBase"]
[SourceDate "2012.11.22"]

1. g3 d5 2. Bg2 e5 3. d3 Nf6 4. Nf3 Bd6 5. O-O O-O 6. Nc3 Re8 7. Bg5 c6 8. e4
d4 9. Ne2 h6 10. Bd2 c5 11. Nh4 Nc6 12. a3 Bd7 13. h3 Rc8 14. f4 exf4 15. Nxf4
Bxf4 16. gxf4 Nxe4 1/2-1/2

[Event "Copenhagen BSF IM"]
[Site "Copenhagen"]
[Date "2012.10.15"]
[Round "7"]
[White "Fries Nielsen, Niels Jorgen"]
[Black "Nilssen, John Arni"]
[Result "1/2-1/2"]
[WhiteElo "2313"]
[BlackElo "2364"]
[PlyCount "33"]
[EventDate "2012.10.12"]
[EventType "tourn"]
[EventRounds "9"]
[EventCountry "DEN"]
[EventCategory "2"]
[SourceTitle "EXT 2013"]
[Source "ChessBase"]
[SourceDate "2012.11.22"]

1. d3 g6 2. g3 Bg7 3. Bg2 d5 4. Nf3 e5 5. O-O Ne7 6. e4 O-O 7. Nc3 h6 8. exd5
Nxd5 9. Nxd5 Qxd5 10. Re1 Qc5 11. Be3 Qd6 12. d4 exd4 13. Bxd4 Nc6 14. Bxg7
Qxd1 15. Raxd1 Kxg7 16. Nd4 Nxd4 17. Rxd4 1/2-1/2

[Event "Copenhagen BSF IM"]
[Site "Copenhagen"]
[Date "2012.10.14"]
[Round "5"]
[White "Fries Nielsen, Niels Jorgen"]
[Black "Schou Moldt, Thomas"]
[Result "1/2-1/2"]
[WhiteElo "2313"]
[BlackElo "2226"]
[PlyCount "168"]
[EventDate "2012.10.12"]
[EventType "tourn"]
[EventRounds "9"]
[EventCountry "DEN"]
[EventCategory "2"]
[SourceTitle "EXT 2013"]
[Source "ChessBase"]
[SourceDate "2012.11.22"]

1. Nf3 Nf6 2. d3 d5 3. g3 b6 4. Bg2 Bb7 5. O-O Nbd7 6. c4 e6 7. Nc3 Be7 8. cxd5
Nxd5 9. Bd2 Bf6 10. Qc1 Nxc3 11. Bxc3 Rc8 12. Bxf6 Nxf6 13. Rd1 O-O 14. Qf4 c5
15. Rac1 Qe7 16. Qh4 Rc7 17. d4 c4 18. Ne5 Bxg2 19. Kxg2 Rfc8 20. g4 c3 21.
bxc3 Rxc3 22. Rxc3 Rxc3 23. g5 Nd5 24. e4 Nc7 25. Qf4 Ne8 26. d5 exd5 27. Rxd5
Rc7 28. Nf3 Rc5 29. Rd4 f6 30. h4 Nc7 31. gxf6 Qxf6 32. Qxf6 gxf6 33. Rd8+ Kf7
34. Rd7+ Kg8 35. Nd4 a5 36. Nf5 h5 37. a4 b5 38. axb5 Nxb5 39. Rd8+ Kf7 40. Rh8
a4 41. Rxh5 Re5 42. Rh7+ Kg8 43. Rb7 Rc5 44. Rb8+ Kh7 45. Ra8 a3 46. Ra5 Rc1
47. Ne3 Rb1 48. Nc4 Rb3 49. f3 Kg6 50. Kg3 Kg7 51. Kg4 f5+ 52. Kf4 fxe4 53.
fxe4 Rc3 54. Rxb5 Rxc4 55. Ra5 Rc3 56. Ra6 Rh3 57. Ke5 Kf7 58. Kd5 Rxh4 59.
Rxa3 Rh6 60. Ra7+ Ke8 61. e5 Rb6 62. Ra5 Rh6 63. Ra8+ Ke7 64. Rg8 Ra6 65. Rg7+
Ke8 66. Ke4 Rh6 67. Kf5 Rh5+ 68. Ke6 Rh6+ 69. Kd5 Ra6 70. Rg1 Ke7 71. Ke4 Rh6
72. Rd1 Rh4+ 73. Kd5 Ra4 74. Rc1 Ra5+ 75. Ke4 Ra4+ 76. Kf5 Rh4 77. Rc7+ Ke8 78.
Kg6 Rf4 79. Rc6 Ke7 80. Rf6 Rg4+ 81. Kf5 Rg1 82. Rg6 Rxg6 83. Kxg6 Ke6 84. Kg5
Kxe5 1/2-1/2

[Event "Copenhagen BSF IM"]
[Site "Copenhagen"]
[Date "2012.10.14"]
[Round "4"]
[White "Gergacz, Attila"]
[Black "Fries Nielsen, Niels Jorgen"]
[Result "1-0"]
[WhiteElo "2393"]
[BlackElo "2313"]
[PlyCount "96"]
[EventDate "2012.10.12"]
[EventType "tourn"]
[EventRounds "9"]
[EventCountry "DEN"]
[EventCategory "2"]
[SourceTitle "EXT 2013"]
[Source "ChessBase"]
[SourceDate "2012.11.22"]

1. e4 g6 2. d4 Bg7 3. Be3 Nf6 4. f3 d6 5. Qd2 a6 6. c4 O-O 7. Bd3 Nbd7 8. Ne2
c5 9. O-O cxd4 10. Nxd4 Ne5 11. Be2 Bd7 12. Nc3 Rc8 13. b3 Re8 14. Nd5 Nc6 15.
Nc2 Nxd5 16. exd5 Ne5 17. Nd4 f5 18. f4 Nf7 19. Ne6 Bxe6 20. dxe6 Nh6 21. Bf3
Qc7 22. Rac1 b6 23. h3 Kh8 24. g4 fxg4 25. hxg4 Rf8 26. Kg2 Rb8 27. Rh1 Qc8 28.
Bd4 Ng8 29. f5 Rf6 30. Bxf6 Nxf6 31. g5 Nh5 32. fxg6 hxg6 33. Bxh5 gxh5 34.
Rxh5+ Kg8 35. Qd5 Qe8 36. g6 Rc8 37. Rh8+ Bxh8 38. Qh5 Kg7 39. Qh7+ Kf6 40.
Rf1+ Kg5 41. g7 Qg6 42. gxh8=Q Rxh8 43. Qxh8 Qe4+ 44. Rf3 Qe2+ 45. Rf2 Qe4+ 46.
Kh2 Qxe6 47. Rg2+ Kf4 48. Qh4+ Ke3 1-0

[Event "Copenhagen BSF IM"]
[Site "Copenhagen"]
[Date "2012.10.13"]
[Round "2"]
[White "Gergacz, Attila"]
[Black "Nilssen, John Arni"]
[Result "0-1"]
[WhiteElo "2393"]
[BlackElo "2364"]
[PlyCount "72"]
[EventDate "2012.10.12"]
[EventType "tourn"]
[EventRounds "9"]
[EventCountry "DEN"]
[EventCategory "2"]
[SourceTitle "EXT 2013"]
[Source "ChessBase"]
[SourceDate "2012.11.22"]

1. e4 c5 2. Nf3 Nc6 3. d4 cxd4 4. Nxd4 e5 5. Nf5 Nf6 6. Nc3 d5 7. Bg5 Bxf5 8.
Bxf6 gxf6 9. exf5 Bb4 10. a3 Bxc3+ 11. bxc3 Qa5 12. Qd2 O-O-O 13. Be2 d4 14. c4
e4 15. Qxa5 Nxa5 16. O-O-O Rhe8 17. Rd2 d3 18. cxd3 Nb3+ 19. Kc2 Nxd2 20. Kxd2
exd3 21. Bxd3 Re4 22. Rc1 Kc7 23. g3 Kc6 24. Rc3 b6 25. a4 Kc5 26. Kc2 Re1 27.
Rb3 Ra1 28. Kc3 a6 29. h4 Rxa4 30. g4 Rd4 31. f3 Ra2 32. Be4 Rxc4+ 33. Kd3 Rac2
34. g5 Rh2 35. Ke3 Rxh4 36. Bd3 fxg5 0-1

[Event "Copenhagen BSF IM"]
[Site "Copenhagen"]
[Date "2012.10.15"]
[Round "6"]
[White "Gergacz, Attila"]
[Black "Semcesen, Daniel"]
[Result "1/2-1/2"]
[WhiteElo "2393"]
[BlackElo "2471"]
[PlyCount "20"]
[EventDate "2012.10.12"]
[EventType "tourn"]
[EventRounds "9"]
[EventCountry "DEN"]
[EventCategory "2"]
[SourceTitle "EXT 2013"]
[Source "ChessBase"]
[SourceDate "2012.11.22"]

1. b3 b6 2. Bb2 Bb7 3. Nf3 e6 4. g3 Bxf3 5. exf3 Nf6 6. Bg2 g6 7. O-O Bg7 8. f4
d5 9. d3 O-O 10. Nd2 c5 1/2-1/2

[Event "Copenhagen BSF IM"]
[Site "Copenhagen"]
[Date "2012.10.15"]
[Round "6"]
[White "Kenneskog, Theodor"]
[Black "Fries Nielsen, Niels Jorgen"]
[Result "1/2-1/2"]
[WhiteElo "2203"]
[BlackElo "2313"]
[PlyCount "103"]
[EventDate "2012.10.12"]
[EventType "tourn"]
[EventRounds "9"]
[EventCountry "DEN"]
[EventCategory "2"]
[SourceTitle "EXT 2013"]
[Source "ChessBase"]
[SourceDate "2012.11.22"]

1. d4 c5 2. d5 d6 3. e4 g6 4. Nc3 Bg7 5. a4 Nf6 6. Bb5+ Nbd7 7. Nf3 a6 8. Be2
O-O 9. O-O Rb8 10. a5 b5 11. axb6 Nxb6 12. Bf4 Nh5 13. Be3 Na8 14. Ra2 Nc7 15.
e5 f5 16. Bg5 h6 17. exd6 Qxd6 18. Bxe7 Qxe7 19. d6 Qd8 20. dxc7 Qxc7 21. Nd5
Qd6 22. Nh4 Kh7 23. Nxg6 Qxg6 24. Bxh5 Qd6 25. b3 Be5 26. h3 Be6 27. Ne3 Qxd1
28. Rxd1 Rb6 29. Be2 Bd4 30. Rxa6 Rxa6 31. Bxa6 f4 32. Bd3+ Kg7 33. Nf1 f3 34.
Ne3 h5 35. Be4 fxg2 36. Bxg2 Rf4 37. Rd3 Kf8 38. c3 Bf5 39. Nxf5 Bxf2+ 40. Kf1
Rxf5 41. Rf3 Rxf3 42. Bxf3 Bg3 43. Bxh5 Be5 44. c4 Kg7 45. Ke2 Bc3 46. Kd3 Bb4
47. Ke4 Kh6 48. Bg4 Kg5 49. Kd5 Ba3 50. Kc6 Bb4 51. Kb5 Kh4 52. Kc6 1/2-1/2

[Event "Copenhagen BSF IM"]
[Site "Copenhagen"]
[Date "2012.10.12"]
[Round "1"]
[White "Kenneskog, Theodor"]
[Black "Gergacz, Attila"]
[Result "1/2-1/2"]
[WhiteElo "2203"]
[BlackElo "2393"]
[PlyCount "115"]
[EventDate "2012.10.12"]
[EventType "tourn"]
[EventRounds "9"]
[EventCountry "DEN"]
[EventCategory "2"]
[SourceTitle "EXT 2013"]
[Source "ChessBase"]
[SourceDate "2012.11.22"]

1. d4 d5 2. c4 c6 3. Nf3 Nf6 4. Nc3 e6 5. Bg5 Be7 6. e3 Nbd7 7. Bd3 dxc4 8.
Bxc4 O-O 9. O-O b5 10. Bd3 Bb7 11. a3 a6 12. b4 a5 13. Rb1 Nd5 14. Bxe7 Qxe7
15. Nxd5 exd5 16. Qc2 g6 17. a4 axb4 18. axb5 c5 19. dxc5 Nxc5 20. Nd4 Ra3 21.
Be2 Rxe3 22. Nf5 gxf5 23. fxe3 Qxe3+ 24. Kh1 d4 25. Qxf5 Be4 26. Qxc5 Qxe2 27.
Qg5+ Bg6 28. Rfe1 Qf2 29. Rf1 Qe3 30. Qxe3 dxe3 31. Rb3 Rd8 32. Rxe3 Bc2 33.
Rg3+ Kf8 34. Rg4 b3 35. Rb4 Rb8 36. b6 Rb7 37. Re1 f5 38. Kg1 Kf7 39. Re3 Kf6
40. Rc3 Ke6 41. Rc7 Rxc7 42. bxc7 Kd7 43. Kf2 Kxc7 44. Ke3 Kc6 45. Kd4 Kd6 46.
g3 Kc6 47. Kc3 h5 48. Rh4 Bd1 49. Rd4 Bc2 50. Rd8 Kc5 51. Rh8 Bd1 52. Rd8 Bc2
53. Rd7 Kc6 54. Rd8 Kc5 55. Rd7 Kc6 56. Rg7 Kd6 57. Rg5 h4 58. Rg8 1/2-1/2

[Event "Copenhagen BSF IM"]
[Site "Copenhagen"]
[Date "2012.10.13"]
[Round "3"]
[White "Kenneskog, Theodor"]
[Black "Lokander, Martin"]
[Result "1/2-1/2"]
[WhiteElo "2203"]
[BlackElo "2250"]
[PlyCount "26"]
[EventDate "2012.10.12"]
[EventType "tourn"]
[EventRounds "9"]
[EventCountry "DEN"]
[EventCategory "2"]
[SourceTitle "EXT 2013"]
[Source "ChessBase"]
[SourceDate "2012.11.22"]

1. d4 Nf6 2. Nf3 g6 3. c4 Bg7 4. g3 d5 5. Bg2 dxc4 6. Na3 c3 7. bxc3 c5 8. O-O
Nc6 9. e3 O-O 10. Nc4 Be6 11. Qe2 Qc8 12. Nfe5 Nxe5 13. Nxe5 Bh3 1/2-1/2

[Event "Copenhagen BSF IM"]
[Site "Copenhagen"]
[Date "2012.10.14"]
[Round "4"]
[White "Kenneskog, Theodor"]
[Black "Nilssen, John Arni"]
[Result "1/2-1/2"]
[WhiteElo "2203"]
[BlackElo "2364"]
[PlyCount "69"]
[EventDate "2012.10.12"]
[EventType "tourn"]
[EventRounds "9"]
[EventCountry "DEN"]
[EventCategory "2"]
[SourceTitle "EXT 2013"]
[Source "ChessBase"]
[SourceDate "2012.11.22"]

1. e4 c5 2. Nf3 Nc6 3. Bb5 g6 4. O-O Bg7 5. c3 e5 6. d4 cxd4 7. cxd4 exd4 8.
Bg5 Nge7 9. e5 a6 10. Bxc6 dxc6 11. Bxe7 Qxe7 12. Qxd4 O-O 13. Re1 c5 14. Qf4
f6 15. exf6 Qxf6 16. Qxf6 Bxf6 17. Nc3 Bg4 18. Ne5 Bf5 19. Nd5 Rad8 20. Rad1
Kg7 21. f4 h5 22. Nxf6 Kxf6 23. Kf2 Rd4 24. Rxd4 cxd4 25. Rd1 Rc8 26. Rd2 g5
27. g3 gxf4 28. gxf4 Bb1 29. a3 Kf5 30. Nf3 d3 31. Ke3 Rc1 32. Rg2 Kf6 33. Ne5
Re1+ 34. Kd2 Rf1 35. Nxd3 1/2-1/2

[Event "Copenhagen BSF IM"]
[Site "Copenhagen"]
[Date "2012.10.16"]
[Round "8"]
[White "Kenneskog, Theodor"]
[Black "Semcesen, Daniel"]
[Result "0-1"]
[WhiteElo "2203"]
[BlackElo "2471"]
[PlyCount "92"]
[EventDate "2012.10.12"]
[EventType "tourn"]
[EventRounds "9"]
[EventCountry "DEN"]
[EventCategory "2"]
[SourceTitle "EXT 2013"]
[Source "ChessBase"]
[SourceDate "2012.11.22"]

1. e4 e5 2. Nf3 Nf6 3. Nxe5 d6 4. Nf3 Nxe4 5. Nc3 Nf6 6. d4 Be7 7. d5 O-O 8.
Bd3 Nbd7 9. Be3 Re8 10. O-O Bf8 11. h3 c6 12. dxc6 bxc6 13. Bf4 Nc5 14. Nd4 Qb6
15. Nb3 Nxd3 16. cxd3 a5 17. Be3 Qb4 18. Rb1 a4 19. Nd4 c5 20. Ndb5 Qa5 21. Bg5
Nd7 22. Na3 Bb7 23. Qg4 Ne5 24. Qg3 d5 25. Rfe1 Ng6 26. h4 h6 27. Bxh6 gxh6 28.
h5 Kg7 29. hxg6 fxg6 30. Qg4 Qc7 31. Re6 Rxe6 32. Qxe6 Qf7 33. Re1 Ra6 34.
Qxf7+ Kxf7 35. Ncb5 Rb6 36. d4 c4 37. Re2 Bc6 38. Nc3 Rb8 39. f3 Bd6 40. Kf2 h5
41. g3 g5 42. Nab1 h4 43. gxh4 gxh4 44. Nd1 h3 45. Kg1 a3 46. Nxa3 Bxa3 0-1

[Event "Copenhagen BSF IM"]
[Site "Copenhagen"]
[Date "2012.10.14"]
[Round "5"]
[White "Larsen, Karsten"]
[Black "Gergacz, Attila"]
[Result "1/2-1/2"]
[WhiteElo "2297"]
[BlackElo "2393"]
[PlyCount "120"]
[EventDate "2012.10.12"]
[EventType "tourn"]
[EventRounds "9"]
[EventCountry "DEN"]
[EventCategory "2"]
[SourceTitle "EXT 2013"]
[Source "ChessBase"]
[SourceDate "2012.11.22"]

1. g3 c5 2. Bg2 Nc6 3. e4 g6 4. f4 Bg7 5. Nf3 d6 6. O-O e6 7. d3 Nge7 8. Nc3
O-O 9. g4 f5 10. gxf5 gxf5 11. Kh1 Ng6 12. exf5 Rxf5 13. Bh3 Rxf4 14. Rg1 e5
15. Bxc8 Qxc8 16. Bxf4 exf4 17. Qe2 Nd4 18. Nxd4 Bxd4 19. Nd5 Bxg1 20. Rxg1 Kh8
21. Qh5 Ne5 22. Nf6 Qc7 23. Qh6 b6 24. Nxh7 Qb7+ 25. Rg2 Ng4 26. Qxf4 Rg8 27.
h3 Ne3 28. Qf6+ Rg7 29. Qxg7+ Qxg7 30. Rxg7 Kxg7 31. Ng5 Nxc2 32. Ne4 d5 33.
Nf2 Ne3 34. Kh2 Kg6 35. Kg3 Kf5 36. Kf3 Nc2 37. a3 Ne1+ 38. Ke3 Ng2+ 39. Kf3
Nf4 40. Ke3 a6 41. Kd2 Ng2 42. Ng4 b5 43. Ne3+ Nxe3 44. Kxe3 d4+ 45. Kf3 c4 46.
dxc4 bxc4 47. a4 Kg5 48. Ke4 d3 49. Ke3 Kh4 50. b4 cxb3 51. Kxd3 Kxh3 52. Kc3
Kg4 53. Kxb3 Kf4 54. Kb4 Ke5 55. Ka5 Kd5 56. Kxa6 Kc6 57. Ka7 Kc7 58. a5 Kc6
59. a6 Kc7 60. Ka8 Kb6 1/2-1/2

[Event "Copenhagen BSF IM"]
[Site "Copenhagen"]
[Date "2012.10.15"]
[Round "7"]
[White "Larsen, Karsten"]
[Black "Kenneskog, Theodor"]
[Result "1/2-1/2"]
[WhiteElo "2297"]
[BlackElo "2203"]
[PlyCount "77"]
[EventDate "2012.10.12"]
[EventType "tourn"]
[EventRounds "9"]
[EventCountry "DEN"]
[EventCategory "2"]
[SourceTitle "EXT 2013"]
[Source "ChessBase"]
[SourceDate "2012.11.22"]

1. e4 c5 2. Nf3 d6 3. Bb5+ Nd7 4. c3 Ngf6 5. Qe2 a6 6. Ba4 e5 7. O-O Be7 8. d4
b5 9. Bc2 O-O 10. Rd1 Qc7 11. d5 c4 12. Nbd2 Re8 13. Nf1 Bf8 14. h3 g6 15. g4
Nb6 16. N3h2 a5 17. Ng3 Nfd7 18. Be3 Nc5 19. Qd2 Nba4 20. Rab1 Rb8 21. a3 Nb3
22. Bxb3 cxb3 23. Nf3 b4 24. cxb4 axb4 25. Rdc1 Qd7 26. axb4 Qb5 27. Rc7 Qxb4
28. Ra7 Nc5 29. Qxb4 Rxb4 30. Bxc5 dxc5 31. Rc1 Bb7 32. g5 c4 33. Ne2 Bc5 34.
Ra5 Bb6 35. Ra3 Kg7 36. Nd2 Rc8 37. Nf3 Re8 38. Nd2 Rc8 39. Nf3 1/2-1/2

[Event "Copenhagen BSF IM"]
[Site "Copenhagen"]
[Date "2012.10.13"]
[Round "3"]
[White "Larsen, Karsten"]
[Black "Semcesen, Daniel"]
[Result "0-1"]
[WhiteElo "2297"]
[BlackElo "2471"]
[PlyCount "88"]
[EventDate "2012.10.12"]
[EventType "tourn"]
[EventRounds "9"]
[EventCountry "DEN"]
[EventCategory "2"]
[SourceTitle "EXT 2013"]
[Source "ChessBase"]
[SourceDate "2012.11.22"]

1. e4 d6 2. d4 Nf6 3. Bd3 e5 4. d5 Be7 5. c4 a5 6. Ne2 Nh5 7. h4 g6 8. g3 Na6
9. Nec3 Nc5 10. Be2 Nf6 11. Qc2 a4 12. Na3 c6 13. Be3 Qa5 14. O-O O-O 15. Bg5
Bh3 16. Rfd1 Qc7 17. Kh2 Bc8 18. Kg2 Ne8 19. Bh6 Ng7 20. h5 f5 21. Rh1 Bf6 22.
f3 Qf7 23. Raf1 gxh5 24. f4 Qg6 25. Bxg7 Qxg7 26. Rxh5 exf4 27. Rxf4 Be5 28.
Qd2 Bxf4 29. Qxf4 Nxe4 30. Bd3 Bd7 31. Nxe4 fxe4 32. Qxe4 h6 33. Nc2 Bg4 34.
Rg5 Bf3+ 35. Qxf3 Qxg5 36. Qe4 Rf7 37. Nd4 Raf8 38. dxc6 Rf2+ 39. Kh3 Qh5+ 40.
Qh4 Qxh4+ 41. Kxh4 bxc6 42. Nxc6 Rxb2 43. Be4 Kg7 44. Nd4 Kf6 0-1

[Event "Copenhagen BSF IM"]
[Site "Copenhagen"]
[Date "2012.10.16"]
[Round "8"]
[White "Lokander, Martin"]
[Black "Gergacz, Attila"]
[Result "1/2-1/2"]
[WhiteElo "2250"]
[BlackElo "2393"]
[PlyCount "103"]
[EventDate "2012.10.12"]
[EventType "tourn"]
[EventRounds "9"]
[EventCountry "DEN"]
[EventCategory "2"]
[SourceTitle "EXT 2013"]
[Source "ChessBase"]
[SourceDate "2012.11.22"]

1. d4 f5 2. c4 Nf6 3. Nc3 e6 4. e3 b6 5. Bd3 Bb7 6. f3 g6 7. Nge2 Bg7 8. Qc2
O-O 9. Bd2 c5 10. O-O d6 11. Nf4 Bc8 12. a3 Bh6 13. Nfe2 Nc6 14. Rad1 Ba6 15.
Qb1 Na5 16. b3 Qe7 17. Rfe1 Rfd8 18. e4 Bxd2 19. Rxd2 fxe4 20. Nxe4 d5 21. cxd5
Bxd3 22. Nxf6+ Qxf6 23. Rxd3 Rxd5 24. dxc5 bxc5 25. Red1 Rad8 26. b4 Qe5 27.
Qc2 cxb4 28. axb4 Nc6 29. Rxd5 Rxd5 30. Rxd5 Qxd5 31. Qc5 Kf7 32. Nc3 Qxc5+ 33.
bxc5 Nb4 34. Kf1 Ke7 35. Ke2 Kd7 36. Kd2 Kc6 37. Ne4 Na6 38. Ng5 h6 39. Nf7
Kxc5 40. Nxh6 Kd4 41. Nf7 Nb4 42. Kc1 a5 43. Kb2 Nd3+ 44. Ka3 Ke3 45. h4 Kf4
46. g4 Kxf3 47. h5 gxh5 48. gxh5 Nf4 49. Ng5+ Kg4 50. Nxe6 Nxe6 51. Ka4 Kxh5
52. Kxa5 1/2-1/2

[Event "Copenhagen BSF IM"]
[Site "Copenhagen"]
[Date "2012.10.13"]
[Round "2"]
[White "Lokander, Martin"]
[Black "Larsen, Karsten"]
[Result "0-1"]
[WhiteElo "2250"]
[BlackElo "2297"]
[PlyCount "100"]
[EventDate "2012.10.12"]
[EventType "tourn"]
[EventRounds "9"]
[EventCountry "DEN"]
[EventCategory "2"]
[SourceTitle "EXT 2013"]
[Source "ChessBase"]
[SourceDate "2012.11.22"]

1. d4 Nf6 2. c4 e6 3. Nc3 d5 4. cxd5 exd5 5. Bg5 Be7 6. e3 c6 7. Bd3 Nbd7 8.
Nge2 O-O 9. O-O Re8 10. f3 Nf8 11. Bh4 Be6 12. Bf2 Rc8 13. Qd2 a6 14. h3 Ng6
15. f4 Nf8 16. f5 Bd7 17. g4 h6 18. Bg3 N8h7 19. Bf4 Ng5 20. Kg2 Bb4 21. Qc2
Qe7 22. a3 Bd6 23. Rae1 c5 24. Qb1 Bc6 25. Ng3 Qc7 26. h4 Bxf4 27. exf4 Nge4
28. g5 Nd2 29. Qd1 Nxf1 30. Rxf1 Ne4 31. f6 Nxg3 32. Kxg3 Re3+ 33. Rf3 Rce8 34.
fxg7 cxd4 35. Ne2 Rxf3+ 36. Kxf3 Re3+ 37. Kf2 Qd7 38. f5 Qd6 39. Kg2 Bb5 40.
Bxb5 axb5 41. Qf1 d3 42. Nf4 Qe5 43. gxh6 Qxf5 44. Qf2 Qg4+ 45. Kh1 Rf3 46. Qe1
Kh7 47. g8=R Qxg8 48. Ng2 Qg6 49. Qe5 Qg3 50. Qxd5 Rf1# 0-1